| 000 | 00765nam a2200229 a 4500 | ||
|---|---|---|---|
| 001 | 39354 | ||
| 003 | BD-RjUL | ||
| 005 | 20211209052955.0 | ||
| 008 | 160409s2015 bg ||||e |||| 00| 0 ben d | ||
| 020 |
_a9789849051039: _cTK.47.00 |
||
| 035 | _a(BD-RjUL) | ||
| 040 |
_aBD-RjUL _bben _cBD-RjUL |
||
| 041 | _aben | ||
| 082 |
_223 _a891.443 _bSIS 2015 |
||
| 100 |
_aসিদ্দিকী, ম আ ব _9121322 |
||
| 245 |
_aস্বপ্প দেখার দুটি চোখ / _cম আ ব সিদ্দিকী |
||
| 260 |
_aনওগাঁ : _bরবু শেঠ, _c২০১৫ |
||
| 300 |
_a৪৭ পৃ. ; _c২২ সেমি. |
||
| 650 |
_aবাংলা উপন্যাস _9121323 |
||
| 650 |
_aBengali Fiction _9121324 |
||
| 942 |
_2ddc _cBK |
||
| 999 |
_c39354 _d39354 |
||